| 000 | 00652 a2200205 4500 | ||
|---|---|---|---|
| 999 |
_c183354 _d183354 |
||
| 005 | 20211223144530.0 | ||
| 010 | _aENG-130556 | ||
| 020 |
_a978-0-19-012681-0 _c1395.00 |
||
| 035 | _aEN-114088 | ||
| 037 | _bDBAD/PUB | ||
| 082 |
_a796.0954 _b1 |
||
| 245 |
_aGames We Play: _bSports In South Asia/ _cEdited by Ronojoy Sen, Omita Goyal |
||
| 250 | _a2020 | ||
| 260 |
_aNew Delhi _bOxford University Press _c2020 |
||
| 270 |
_a22 Workspace, 2nd Floor, 1/22 Asaf Ali Road _bNew Delhi _e110002 |
||
| 300 |
_aix,xi,xiii, 336p. _c22cm (hbk) |
||
| 700 | _aSen, Ronojoy | ||
| 700 | _aGoyal, Omita | ||
| 942 |
_adpl _cEN _2ddc _h796.0954 _mGAM |
||